000 00316nam a22001217a 4500
008 160504b xxu||||| |||| 00| 0 eng d
020 _a9781449651718
020 _a9781449651718
041 _aeng
080 _a618.2
245 _aManagement and leadership for nurse administrators:
_cLinda Roussel;
942 _2udc
_cBK
999 _c1792
_d1792